The American occupation of Japan : The origins of the Cold War in Asia
This book provides a novel perspective on the origins of the Cold war in Asia, tracing it all the way back to the occupation of Japan after World War II
Сохранить в:
| Главный автор: | |
|---|---|
| Формат: | |
| Язык: | Undetermined |
| Опубликовано: |
New York
Oxford University Press,
1985
|
| Предметы: | |
| Метки: |
Добавить метку
Нет меток, Требуется 1-ая метка записи!
|
| Thư viện lưu trữ: | Trung tâm Học liệu Trường Đại học Cần Thơ |
|---|
| LEADER | 00804nam a2200229Ia 4500 | ||
|---|---|---|---|
| 001 | CTU_113883 | ||
| 008 | 210402s9999 xx 000 0 und d | ||
| 082 | |a 327.73052 | ||
| 082 | |b S298 | ||
| 100 | |a Schaller, Michael | ||
| 245 | 4 | |a The American occupation of Japan : | |
| 245 | 4 | |b The origins of the Cold War in Asia | |
| 245 | 0 | |c Michael Schaller | |
| 260 | |a New York | ||
| 260 | |b Oxford University Press, | ||
| 260 | |c 1985 | ||
| 520 | |a This book provides a novel perspective on the origins of the Cold war in Asia, tracing it all the way back to the occupation of Japan after World War II | ||
| 650 | |a United states,Japan | ||
| 650 | |x Foreign relations,Foreign relations | ||
| 650 | |z Japan,United states | ||
| 904 | |i Năm | ||
| 980 | |a Trung tâm Học liệu Trường Đại học Cần Thơ | ||